Estadísticas sanitarias de la Armada española / (Record no. 173110)

MARC details
000 -LEADER
campo de control de longitud fija 00692nas a2200229 i 4500
001 - NÚMERO DE CONTROL
campo de control 173110
003 - IDENTIFICADOR DE NÚMERO DE CONTROL
campo de control ES-MaACL
005 - FECHA Y HORA DE LA ÚLTIMA TRANSACCIÓN
campo de control 20250217134837.0
008 - DATOS DE LONGITUD FIJA--INFORMACIÓN GENERAL
campo de control de longitud fija 091102d19401943sp ar m | |spa d
022 ## - NÚMERO INTERNACIONAL NORMALIZADO PARA PUBLICACIONES SERIADAS
Número Internacional Normalizado para Publicaciones Seriadas 2484-9944
080 ## - NÚMERO DE LA CLASIFICACIÓN DECIMAL UNIVERSAL
Número de la Clasificación Decimal Universal 311:61
080 ## - NÚMERO DE LA CLASIFICACIÓN DECIMAL UNIVERSAL
Número de la Clasificación Decimal Universal 359
245 00 - MENCIÓN DEL TÍTULO
Título Estadísticas sanitarias de la Armada española /
Mención de responsabilidad, etc. Ministerio de Marina, Centro de Estadísticas Sanitarias.
260 ## - PUBLICACIÓN, DISTRIBUCIÓN, ETC.
Lugar de publicación, distribución, etc. Madrid :
Nombre del editor, distribuidor, etc. Ministerio de Marina,
Fecha de publicación, distribución, etc. [1940-1943]
300 ## - DESCRIPCIÓN FÍSICA
Extensión 4 v. ;
Dimensiones 33 cm.
310 ## - PERIODICIDAD ACTUAL
Periodicidad actual Anual
650 #4 - PUNTO DE ACCESO ADICIONAL DE MATERIA--TÉRMINO DE MATERIA
Término de materia o nombre geográfico como elemento de entrada Sanidad militar-
Subdivisión geográfica España.
9 (RLIN) 174767
710 1# - ENTRADA AGREGADA--NOMBRE DE ENTIDAD CORPORATIVA
Nombre de entidad corporativa o nombre de jurisdicción como elemento de entrada España.
Unidad subordinada Ministerio de Marina.
9 (RLIN) 3909
852 4# - LOCALIZACIÓN
Ubicación ES-MaACL
Número de control de estantería C-33358-61
866 #1 - MENCIÓN TEXTUAL DE FONDOS--UNIDAD BIBLIOGRÁFICA BÁSICA
Fondos 1940-1943.
Holdings
Estatus retirado Estado de pérdida Estado de daño No para préstamo Colección Biblioteca de origen Biblioteca actual Ubicación en estantería Fecha de adquisición Fuente de adquisición Total de préstamos Signatura topográfica completa Código de barras Visto por última vez Precio de reemplazo Tipo de ítem Koha
        Periódicos y Revistas Biblioteca del Ateneo de Madrid Biblioteca del Ateneo de Madrid Depósito 2 02/11/2009     C-33358-61 1181640 23/02/2023 23/02/2023 Revista